| 000 | 00673nam a2200181 a 4500 | ||
|---|---|---|---|
| 008 | 120416s0000 ||||||||||||||||| || u | ||
| 020 | _a0889366535 | ||
| 050 | _aRA 644.L25 Lei | ||
| 100 | _aWijeyaratne, Pandu | ||
| 245 | 1 | 0 |
_aLeishmaniasis control strategies _cedited by Pandu Wijeyaratne |
| 246 | _aa critical evaluation of IDRC-supported research | ||
| 260 |
_aOttawa _bIDRC _c1992 |
||
| 300 | _ax, 380p. : ill. | ||
| 350 | _a0.00 | ||
| 700 | _aEspinal, Carol | ||
| 700 | _aGoodman, Tracey | ||
| 995 |
_D0.00 _FCBU-MAIN LIBRARY (Kitwe) _H1 _I42.50 _M1 _UAVAILABLE _WApr 4, 2007 _ZAnnex Low-Usage Collection |
||
| 999 |
_c49101 _d49101 |
||